|
|
|
|
| LEADER |
00000nab a2200000uu 4500 |
| 001 |
vtls011439155 |
| 003 |
SK-MaSNL |
| 005 |
20260303122751.0 |
| 008 |
230213|1955 xo |||||||||||||||||cze| |
| 015 |
|
|
|a SNBRB
|
| 035 |
|
|
|a (urnnbn)urn:nbn:sk:snk:ar-002w2g
|
| 035 |
|
|
|a (uuid)4528b6a5-ecc3-4655-9a3f-5619d6ef10cb
|
| 035 |
|
|
|a urn:nbn:sk:snk-abcdx6
|
| 040 |
|
|
|a SNKBUCL
|b slo
|c SNKBUCL
|e AACR2
|
| 041 |
0 |
|
|a cze
|
| 044 |
|
|
|a xo
|c SK
|
| 100 |
1 |
|
|a Slabý, Otto,
|d 1913-1993
|4 aut
|9 170111
|
| 245 |
1 |
0 |
|a PARNASSIUS APOLLO (L.) V PIENINÁCH
|c Otto Slabý
|
| 773 |
0 |
|
|t Biológia : časopis Slovenskej akadémie vied
|g Roč. 10, č. 2 (1955), s. 179-188
|
| 954 |
|
|
|a odborná, vedecká literatúra pôvodná (slovenská)
|2 lita
|
| 958 |
|
|
|a OND
|
| 958 |
|
|
|a EUIPO
|
| 958 |
|
|
|a article16
|
| 999 |
|
|
|c 1922158
|d 1924088
|